| 000 | 00375nam a2200145Ia 4500 | ||
|---|---|---|---|
| 008 | 220803s9999 xx 000 0 und d | ||
| 041 | _aeng | ||
| 082 | _a658 ADH | ||
| 100 |
_aAdhia J _916414 |
||
| 245 | _aSpring Of Inspiration : Things First Happen... | ||
| 260 |
_aAhmedabad _bAlpha Books _c2002 |
||
| 300 | _a102p | ||
| 500 | _aArchitecture | ||
| 650 |
_aManagement _916415 |
||
| 999 |
_c11796 _d11796 |
||